| 000 | 00547nam a2200217 a 4500 | ||
|---|---|---|---|
| 001 | BRCA_6970 | ||
| 005 | 20190321142927.0 | ||
| 008 | 180511s1911----gw-a#####d---#000-0#ger-# | ||
| 041 | _ager | ||
| 044 | _agw | ||
| 050 | 4 | _b.H44 | |
| 100 | 1 |
_aHeegaard, Poul _d1871-1948 _917360 |
|
| 245 | 1 | 0 |
_aIm Reiche der Sterne _cvon Poul Heegaard; Felix Erber. |
| 260 |
_aBerlín _bVobach _c1911 |
||
| 300 |
_ax, 335 p. _bil. _c22 cm. |
||
| 500 | _aL206 | ||
| 650 | 1 | 4 |
_aAstronomía _97908 |
| 700 | 1 |
_aErber, Felix _917361 |
|
| 902 | _aGFM | ||
| 942 |
_2lcc _cB |
||
| 999 |
_c6651 _d6651 |
||